00541 a2200193 4500260001000000630006300010037001300073650002800086100002100114260001100135245007900146300001100225650002700236260000900263300001100272100000700283440004500290037001200335 aparis a62 - Ingenierie. Art de lingenieur. Technologie en general b1, Achat a6 - SCIENCES APPLIQUEES aVabre, Jean-Paul bMasson aElectronique des impulsions.TomeV, les circuits transmetteurs d'impulsions a239 p. aElectronique : circuit c1970 b25 cm. lFr aLes techniques de base de l'informatique aS 25264